Bilecik Bilecik Bilecik Bilecik Bilecik

Blink : (Record no. 66765)

MARC details
000 -BAŞLIK
Sabit Uzunluktaki Kontrol Alanı 02459nam a22004097a 4500
001 - KONTROL NUMARASI
Control Dosyası 0066326
003 - KONTROL NUMARASI KİMLİĞİ
Kontrol Alanı KOHA_MİRAKIL
005 - EN SON İŞLEM TARİHİ ve ZAMANI
Kontrol Alanı 20260207004638.0
007 - FİZİKSEL TANIM SABİT ALAN - GENEL BİLGİ
Sabit uzunluklu kontrol alanı ta
008 - SABİT UZUNLUKTAKİ VERİ ÖGELERİ - GENEL BİLGİ
Sabit Alan 210826b2019 tu |||gr||||#0|||0|tur |
020 ## - ISBN - ULUSLARARASI STANDART KİTAP NUMARASI
Isbn 9786054584499
040 ## - KATALOGLAMA KAYNAĞI
Özgün Kataloglama Kurumu TR-BiSEU
Kataloglama Dili tur
Çeviri Kurumu TR-BiSEU
Açıklama Kuralları rda
041 0# - DİL KODU
Metin ya da ses kaydının dil kodu tur
044 ## - YAYINLAYAN/ÜRETEN KURULUŞUN ÜLKE KODU
ISO country code tu
050 ## - SINIFLAMA ve YER NUMARASI
Sınıflama Numarası BF448
Yer Numarası .G53 2019
100 1# - KİŞİ ADI
Yazar Adı (Kişi adı) Gladwell, Malcolm.
240 10 - TEK BİÇİM BAŞLIK
Language of a work Türkçe
245 1# - ESER ADI BİLDİRİMİ
Başlık Blink :
Alt Eseradı vb. düşünmeden düşünebilmenin gücü/
Sorumluluk Bildirimi Malcolm Gladwell ; Malcolm Gladwell ; çeviri Dilan Sarıoğlu; editör Zeynep Hale Akman.
250 ## - BASIM BİLDİRİMİ
Basım Bildirimi 3. Baskı
264 #1 - ÜRERİM, YAYIN, DAĞITIM ve TELİF BİLDİRİMİ
Yayın yeri İstanbul :
Yayınlayan Maltepe Üniversitesi Kitapları
Yayın tarihi 2019
300 ## - FİZİKSEL TANIMLAMA
Sayfa, Cilt vb. 279 sayfa ;
Boyutları 22 cm.
336 ## - İÇERİK TÜRÜ
Content type term metin
Content type code txt
Source rdacontent
337 ## - MEDYA TÜRÜ
Media type term aracısız
Media type code n
Source rdamedia
338 ## - TAŞIYICI TÜRÜ
Carrier type term cilt
Carrier type code nc
Source rdacarrier
490 1# - DİZİ BİLDİRİMİ
Dizi Bildirimi Yayın no ;
Cilt Numarası 5.
500 ## - GENEL NOT
Genel Not Özgün adı: Blink : the power of thinking without thinking.
505 ## - İÇİNDEKİLER NOTU
İçindekiler Notu Arka kapak: Göz açıp kapayıncaya dek geçen iki saniyede.. Beynimizde Neler Oluyor? Bir çiftin tartışmasına kulak misafiri olup ilişkilerinin geleceğine dair bir fikre kapıldığınız oldu mu hiç? Maç izlerken bir pasın gol olup olmayacağını anladığınız bir an... Ya da yaptığınız bir iş görüşmesinin ardından işe alınacağınızı düşündüğünüz halde yanıldığınız bir durum...Elinizdeki kitap, gündelik hayatımızın en küçük bileşenleriyle ilgileniyor: Ne zaman yeni biriyle tanışsak, karmaşık bir durumla yüz yüze gelsek veya güç bir adım atmak zorunda kalsak birdenbire ortaya çıkan anlık izlenimlerin ve kararların içeriğiyle. Gladwell, zihnimizin nasıl tepki verdiğini incelediği bu kitabında çok düşünmeden alınan kararların, ince ince düşünülmüş kararlar kadar iyi olabildiği örnekleri çözümlerken, her zamanki gibi madalyonun diğer yüzüne bakmayı ihmal etmiyor ve içgüdülerimizin bize ihanet ettiği anları da sorguluyor. Psi-koloji ve nörobilim teorilerinin hayatın çeşitli alanlarından zengin ve yaşanmış örneklerle sınandığı Blink'i okurken kendinize bir adım daha yaklaşacaksınız.
650 #0 - KONU BAŞLIĞI EK GİRİŞ - KONU TERİMİ
Konusal terim veya coğrafi ad Karar verme.
9 (RLIN) 18340
650 #0 - KONU BAŞLIĞI EK GİRİŞ - KONU TERİMİ
Konusal terim veya coğrafi ad Toplum bilimleri.
9 (RLIN) 2301
650 #0 - KONU BAŞLIĞI EK GİRİŞ - KONU TERİMİ
Konusal terim veya coğrafi ad Toplumsal etkileşim.
9 (RLIN) 50297
650 #0 - KONU BAŞLIĞI EK GİRİŞ - KONU TERİMİ
Konusal terim veya coğrafi ad Decision making.
9 (RLIN) 36302
650 #0 - KONU BAŞLIĞI EK GİRİŞ - KONU TERİMİ
Konusal terim veya coğrafi ad Sezgi.
9 (RLIN) 82834
650 #0 - KONU BAŞLIĞI EK GİRİŞ - KONU TERİMİ
Konusal terim veya coğrafi ad Intuition.
9 (RLIN) 82833
830 1# - SERİ EK GİRİŞİ - TEKBİÇİM ESER ADI
Tekbiçim Başlık Yayın no ;
Volume number/sequential designation 5.
9 (RLIN) 1619
907 ## - LOCAL DATA ELEMENT G, LDG (RLIN)
a Felsefe
942 ## - EK GİRİŞ ÖGELERİ (KOHA)
Source of classification or shelving scheme Library of Congress Classification
Koha item type Book
Holdings
Materyal Türü Kalıcı Konum Mevcut Konum Raf Yeri Sınıflandırma Kaynağı Edinim Bilgisi Ana Konular Alt Konular Yer Numarası Demirbaş Numarası Fatura Tarihi Geri Çekilme Durumu Kayıp Durumu Hasarlı Durumu Kredi için değil Kayıt Tarih Toplam Ödünçverme Son Görülme Tarihi Son Kontrol Tarihi Genel / Bağış Notu
Book Prof. Dr. Azmi Özcan Kütüphanesi Prof. Dr. Azmi Özcan Kütüphanesi Uluğbey Salonu Library of Congress Classification Bağış FELSEFE, PSİKOLOJİ, DİN Psikoloji BF448 .G53 2019 0066326 02/02/2026         26/08/2021   05/03/2025 05/03/2025 Genel Bağış